[Event "EU-Cup 21st"]
[Site "Saint Vincent"]
[Date "2005.09.20"]
[Round "3.4"]
[White "Filippov, Valery"]
[Black "Kantsler, Boris"]
[Result "1-0"]
[WhiteElo "2621"]
[BlackElo "2501"]
[PlyCount "69"]
[EventDate "2005.09.18"]
[EventType "team-swiss"]
[EventRounds "7"]
[EventCountry "ITA"]
[SourceTitle "CBM 110"]
[Source "ChessBase"]
[SourceDate "2006.01.31"]
[SourceVersion "1"]
[SourceVersionDate "2006.01.31"]
[SourceQuality "1"]
[WhiteTeam "Kazan Ladya"]
[BlackTeam "Ashdod"]
[WhiteTeamCountry "RUS"]
[BlackTeamCountry "ISR"]

1. Nf3 Nf6 2. c4 g6 3. d4 Bg7 4. g3 d6 5. Bg2 0-0 6. Nc3 Nbd7 7. 0-0 e5 8. e4 a6 9. Qc2 exd4 10. Nxd4 Ne5 11. b3 Bd7 12. f4 Nc6 13. Nxc6 Bxc6 14. Bb2 Re8 15. Rfe1 Nd7 16. a4 a5 17. Rad1 Nc5 18. e5 Qc8 19. Ba3 Bxg2 20. Kxg2 Ne6 21. exd6 Nxf4+ 22. Kh1 Qg4 23. Rf1 Ne6 24. Nd5 cxd6 25. Bb2 Rf8 26. Nf6+ Bxf6 27. Bxf6 Nc5 28. Rd4 Qe6 29. Rdf4 Rae8 30. Bb2 Qe2 31. Qc3 Re5 32. R4f2 Qe4+ 33. Rf3 Qe2 34. Kg1 Ne4 35. Qd4 1-0

[Event "EU-Cup 20th"]
[Site "Izmir"]
[Date "2004.10.09"]
[Round "7.3"]
[White "Filippov, Valery"]
[Black "Lautier, Joel"]
[Result "1/2-1/2"]
[WhiteElo "2632"]
[BlackElo "2682"]
[PlyCount "24"]
[EventDate "2004.10.03"]
[EventType "team-swiss"]
[EventRounds "7"]
[EventCountry "TUR"]
[SourceTitle "CBM 104"]
[Source "ChessBase"]
[SourceDate "2005.01.27"]
[SourceVersion "1"]
[SourceVersionDate "2005.01.27"]
[SourceQuality "1"]
[WhiteTeam "Kazan Ladya"]
[BlackTeam "Paris NAO"]
[WhiteTeamCountry "RUS"]
[BlackTeamCountry "FRA"]

1. Nf3 Nf6 2. d4 d5 3. c4 dxc4 4. e3 e6 5. Bxc4 c5 6. 0-0 a6 7. Bb3 b5 8. a4 b4 9. Nbd2 Be7 10. e4 cxd4 11. e5 Nfd7 12. Nc4 Nc6 1/2-1/2

[Event "EU-Cup 20th"]
[Site "Izmir"]
[Date "2004.10.07"]
[Round "5.4"]
[White "Inarkiev, Ernesto"]
[Black "Filippov, Valery"]
[Result "1/2-1/2"]
[WhiteElo "2604"]
[BlackElo "2632"]
[PlyCount "120"]
[EventDate "2004.10.03"]
[EventType "team-swiss"]
[EventRounds "7"]
[EventCountry "TUR"]
[SourceTitle "CBM 104"]
[Source "ChessBase"]
[SourceDate "2005.01.27"]
[SourceVersion "1"]
[SourceVersionDate "2005.01.27"]
[SourceQuality "1"]
[WhiteTeam "Tomsk 400"]
[BlackTeam "Kazan Ladya"]
[WhiteTeamCountry "RUS"]
[BlackTeamCountry "RUS"]

1. e4 c5 2. Nf3 Nc6 3. d4 cxd4 4. Nxd4 Nf6 5. Nc3 e5 6. Ndb5 d6 7. Bg5 a6 8. Na3 b5 9. Nd5 Be7 10. Bxf6 Bxf6 11. c3 0-0 12. Nc2 Bg5 13. Bd3 Rb8 14. 0-0 a5 15. Na3 Na7 16. Qe2 Bd7 17. Rad1 Bc6 18. Bb1 Nc8 19. Qd3 Qd7 20. g3 g6 21. h4 Bd8 22. Nc2 f5 23. exf5 gxf5 24. Nce3 Kh8 25. Nxf5 Bxd5 26. Qxd5 Rxf5 27. Bxf5 Qxf5 28. Kh2 Be7 29. Qd3 Qxd3 30. Rxd3 Nb6 31. Re1 Kg7 32. f4 Nd7 33. Kg2 Kf7 34. fxe5 Nxe5 35. Rd4 Ke6 36. Re2 b4 37. cxb4 axb4 38. a3 d5 39. axb4 Bxb4 40. g4 Be7 41. g5 Rf8 42. Red2 Nc4 43. Re2+ Ne5 44. Red2 Nc4 45. Re2+ Kd6 46. Rxd5+ Kxd5 47. Rxe7 Rh8 48. h5 Ne5 49. g6 hxg6 50. hxg6 Nxg6 51. Re1 Rb8 52. Kf3 Rxb2 53. Rd1+ Ke5 54. Re1+ Kf5 55. Ke3 Rb4 56. Ra1 Re4+ 57. Kd3 Ne5+ 58. Kc3 Rc4+ 59. Kb3 Rc7 60. Re1 Nf3 1/2-1/2

[Event "EU-Cup 17th"]
[Site "Panormo"]
[Date "2001.09.26"]
[Round "4.4"]
[White "Filippov, Valery"]
[Black "Mastrovasilis, Dimitrios"]
[Result "1/2-1/2"]
[WhiteElo "2617"]
[BlackElo "2435"]
[PlyCount "88"]
[EventDate "2001.09.22"]
[EventType "team-swiss"]
[EventRounds "7"]
[EventCountry "GRE"]
[SourceTitle "CBM 084 Extra"]
[Source "ChessBase"]
[SourceDate "2001.10.26"]
[SourceVersion "1"]
[SourceVersionDate "2001.10.26"]
[SourceQuality "1"]
[WhiteTeam "Tyumen"]
[BlackTeam "Kydon Chanion"]
[WhiteTeamCountry "RUS"]
[BlackTeamCountry "GRE"]

1. Nf3 Nf6 2. c4 c6 3. d4 d5 4. Nc3 a6 5. Bg5 Ne4 6. h4 h6 7. Bf4 Nxc3 8. bxc3 dxc4 9. g3 Nd7 10. Bg2 b5 11. 0-0 Bb7 12. Ne5 e6 13. Nxc6 Qb6 14. Ne5 Nxe5 15. Bxe5 f6 16. Bf4 Bxg2 17. Kxg2 Qb7+ 18. f3 g5 19. hxg5 hxg5 20. Bd2 Ba3 21. Rh1 0-0-0 22. Qc2 Rdg8 23. Rag1 g4 24. Rxh8 Rxh8 25. Qg6 gxf3+ 26. exf3 Qh7 27. Qxf6 Kd7 28. Re1 Qh3+ 29. Kf2 Qh2+ 30. Kf1 Re8 31. Bg5 Qh3+ 32. Kf2 Qh2+ 33. Kf1 Qh3+ 34. Ke2 Qh2+ 35. Kd1 Qh7 36. Re4 Qh1+ 37. Kc2 Qa1 38. d5 Qxa2+ 39. Kd1 Qb1+ 40. Ke2 Qd3+ 41. Ke1 Bc5 42. dxe6+ Kc8 43. e7 Qb1+ 44. Ke2 Qd3+ 1/2-1/2

[Event "EU-Cup 17th"]
[Site "Panormo"]
[Date "2001.09.25"]
[Round "3.4"]
[White "Yemelin, Vasily"]
[Black "Filippov, Valery"]
[Result "1-0"]
[WhiteElo "2507"]
[BlackElo "2617"]
[PlyCount "95"]
[EventDate "2001.09.22"]
[EventType "team-swiss"]
[EventRounds "7"]
[EventCountry "GRE"]
[SourceTitle "CBM 084 Extra"]
[Source "ChessBase"]
[SourceDate "2001.10.26"]
[SourceVersion "1"]
[SourceVersionDate "2001.10.26"]
[SourceQuality "1"]
[WhiteTeam "Kiseljak"]
[BlackTeam "Tyumen"]
[WhiteTeamCountry "BIH"]
[BlackTeamCountry "RUS"]

1. e4 e6 2. d4 d5 3. Nd2 c5 4. Ngf3 cxd4 5. exd5 Qxd5 6. Bc4 Qd6 7. 0-0 Nf6 8. Nb3 Nc6 9. Nbxd4 Nxd4 10. Nxd4 a6 11. Re1 Bd7 12. c3 Qc7 13. Qe2 Bd6 14. h3 0-0 15. Bg5 Bh2+ 16. Kh1 Bf4 17. Bxf6 gxf6 18. Bd3 f5 19. Qh5 Kh8 20. Nxf5 exf5 21. Re7 Qc6 22. Rxd7 Rg8 23. f3 Rxg2 24. Kxg2 Qxd7 25. Bxf5 Qd2+ 26. Kf1 Bh6 27. Qxf7 Bg7 28. Qh5 Bh6 29. Qf7 Bg7 30. Re1 Rg8 31. Be4 Qh6 32. Qd7 b5 33. Rd1 Bf6 34. Qf5 Qg7 35. Ke2 Bd8 36. Rg1 Qe7 37. Rxg8+ Kxg8 38. Qd5+ Kg7 39. Qb7 Qxb7 40. Bxb7 a5 41. a3 Kf6 42. f4 Be7 43. Bc6 b4 44. cxb4 axb4 45. a4 Bd8 46. Kf3 Ke6 47. Ke4 h6 48. b3 1-0

[Event "EU-Cup 17th"]
[Site "Panormo"]
[Date "2001.09.24"]
[Round "2.4"]
[White "Filippov, Valery"]
[Black "Khruschiov, Alexey"]
[Result "1-0"]
[WhiteElo "2617"]
[BlackElo "2411"]
[PlyCount "81"]
[EventDate "2001.09.22"]
[EventType "team-swiss"]
[EventRounds "7"]
[EventCountry "GRE"]
[SourceTitle "CBM 084 Extra"]
[Source "ChessBase"]
[SourceDate "2001.10.26"]
[SourceVersion "1"]
[SourceVersionDate "2001.10.26"]
[SourceQuality "1"]
[WhiteTeam "Tyumen"]
[BlackTeam "Chisinau"]
[WhiteTeamCountry "RUS"]
[BlackTeamCountry "MDA"]

1. Nf3 Nf6 2. c4 g6 3. d4 Bg7 4. g3 0-0 5. Bg2 d6 6. Nc3 Nbd7 7. 0-0 c6 8. e4 e5 9. Be3 Ng4 10. Bg5 Qc7 11. h3 exd4 12. Nxd4 Nge5 13. b3 Nc5 14. Be3 Re8 15. Qc2 a5 16. f4 Ned7 17. Bf2 Nf6 18. Rad1 Bd7 19. a3 Qb6 20. Rd2 Nh5 21. Kh2 Rad8 22. Rb1 Qc7 23. b4 axb4 24. axb4 Ne6 25. Nde2 Nf6 26. c5 dxc5 27. bxc5 Bc8 28. e5 Rxd2 29. Qxd2 Rd8 30. Qa2 Nd7 31. Ne4 Bf8 32. Rc1 Qb8 33. Nd6 b6 34. Nd4 Ndxc5 35. Nxc6 Qc7 36. Nxd8 Qxd8 37. Bxc5 bxc5 38. Nxc8 Qxc8 39. Bd5 Nd4 40. Bxf7+ Kg7 41. Bd5 1-0